Normal view
MARC view
- Gunahon Ka Samandar Aur Rehmat e Ilahi Ki Wusat
Entry Topical Term
001 - CONTROL NUMBER
- control field: 114497
003 - CONTROL NUMBER IDENTIFIER
- control field: NUST
005 - DATE AND TIME OF LATEST TRANSACTION
- control field: 20230908165346.0
008 - FIXED-LENGTH DATA ELEMENTS
- fixed length control field: 230908|| aca||aabn | a|a d
040 ## - CATALOGING SOURCE
- Original cataloging agency: NUST
- Transcribing agency: NUST
150 ## - HEADING--TOPICAL TERM
- Topical term or geographic name entry element: Gunahon Ka Samandar Aur Rehmat e Ilahi Ki Wusat
670 ## - SOURCE DATA FOUND
- Source citation: Work cat.: (NUST): Maulana Arsalan Bin Akhtar Memon 114496, Gunahon Ka Samandar Aur Rehmat e Ilahi Ki Wusat, 2000
